| 000 | 005180000a22001930004500 | ||
|---|---|---|---|
| 001 | 002458 | ||
| 003 | MACL | ||
| 005 | 20150708144617.0 | ||
| 008 | 150708b xxu||||| |||| 00| 0 eng d | ||
| 040 |
_aMACL _cMACL |
||
| 041 | _aEnglish | ||
| 082 | _a305.4 | ||
| 100 |
_aBhowmick, Pradip K _91251 |
||
| 245 |
_aEmpowerment of Rural Women _bA study Across the three states _cPradip K Bhowmick |
||
| 260 |
_aKolkata _c2005 _bBhattacharya, R N, |
||
| 350 | _a900 | ||
| 650 |
_aSocial Science _91443 |
||
| 942 |
_k305 _cBK _2ddc |
||
| 999 |
_c14370 _d14370 |
||